| 000 | 00652nam a22002177a 4500 | ||
|---|---|---|---|
| 003 | OSt | ||
| 005 | 20260202080733.0 | ||
| 008 | 260202b |||||||| |||| 00| 0 eng d | ||
| 020 | _a13 : 978-0-495-11551-9. | ||
| 040 |
_aDWC-Main lib _cOC |
||
| 082 |
_25th edition _aCirc. 070.41 B787c 2008 |
||
| 100 | _aBowles, Dorothy | ||
| 245 |
_aCreative editing _cDorothy Bowles |
||
| 260 |
_aUSA : _bThomson Higher Education, _cc2008. |
||
| 300 |
_axv, 414 pages : _billustration ; _c27 cm. |
||
| 504 | _aIncludes index. | ||
| 650 | _a1. Editing. | ||
| 650 | _a2. Journalism-Editing. | ||
| 700 | _aBorden, Diane L. | ||
| 942 |
_2ddc _cBK-CIRC _e5th ed. _kCirc. _n0 |
||
| 999 |
_c8131 _d8131 |
||